[Event "Hampshire Open"]
[Site "Fareham"]
[Date "2024.11.02"]
[Round "2.8"]
[White "Bird, Tom"]
[Black "Mokhber Garcia, Sebastian"]
[Result "0-1"]
[WhiteElo "2077"]
[BlackElo "1724"]
[PlyCount "60"]
[EventDate "2024.11.01"]
[EventType "swiss"]
[EventRounds "5"]
[EventCountry "ENG"]
[SourceTitle "BritBase"]
[Source "John Saunders"]
[SourceDate "2025.02.10"]
[SourceVersion "1"]
[SourceVersionDate "2025.02.10"]
[SourceQuality "1"]

1. Nf3 Nf6 2. g3 e6 3. Bg2 d5 4. O-O Bd6 5. d3 O-O 6. Nbd2 c5 7. e4 Nc6 8. Qe2 Bc7 9. Re1 b6 10. Nf1 Bb7 11. e5 Nd7 12. Bf4 Re8 13. h4 f6 14. exf6 gxf6 15. Bh6 Kh8 16. N1h2 Nde5 17. Nxe5 Nxe5 18. Qh5 Qd7 19. Bh3 d4 20. f4 Nf7 21. Ng4 Qd5 22. Qxf7 Qh1+ 23. Kf2 Qf3+ 24. Kg1 Qxg3+ 25. Kf1 Qxh3+ 26. Ke2 Qxg4+ 27. Kd2 Qxf4+ 28. Kd1 Bf3+ 29. Re2 Bxe2+ 30. Kxe2 Rg8 0-1

[Event "Hampshire Open"]
[Site "Fareham"]
[Date "2024.11.02"]
[Round "2.9"]
[White "De Coverly, Roger D"]
[Black "Collyer, David"]
[Result "0-1"]
[WhiteElo "1972"]
[BlackElo "1904"]
[PlyCount "80"]
[EventDate "2024.11.01"]
[EventType "swiss"]
[EventRounds "5"]
[EventCountry "ENG"]
[SourceTitle "BritBase"]
[Source "John Saunders"]
[SourceDate "2025.02.10"]
[SourceVersion "1"]
[SourceVersionDate "2025.02.10"]
[SourceQuality "1"]

1. e4 e5 2. Nf3 Nc6 3. Bb5 a6 4. Ba4 Nf6 5. O-O Be7 6. Re1 b5 7. Bb3 d6 8. c3 O-O 9. d4 exd4 10. cxd4 Bg4 11. Be3 Na5 12. Bc2 Nc4 13. Bc1 c5 14. b3 Nb6 15. d5 Nfd7 16. Nbd2 Bf6 17. Rb1 Re8 18. h3 Bh5 19. Nf1 Ne5 20. g4 Bg6 21. Bf4 Nxf3+ 22. Qxf3 Nxd5 23. Rbd1 Nxf4 24. Qxf4 Be5 25. Qf3 Qa5 26. Bb1 c4 27. bxc4 bxc4 28. Qe2 c3 29. Ne3 Rac8 30. Rd5 Qa4 31. Qc2 Qc6 32. Kg2 Bf4 33. Rd4 Bxe3 34. Rxe3 d5 35. f3 dxe4 36. Rdxe4 Bxe4 37. fxe4 Red8 38. Re2 Qc4 39. e5 Qxe2+ 40. Qxe2 Rd2 0-1

[Event "Hampshire Open"]
[Site "Fareham"]
[Date "2024.11.02"]
[Round "2.10"]
[White "Cuthbert, Larissa"]
[Black "Latypova, Olga L"]
[Result "1-0"]
[WhiteElo "1632"]
[BlackElo "1983"]
[PlyCount "127"]
[EventDate "2024.11.01"]
[EventType "swiss"]
[EventRounds "5"]
[EventCountry "ENG"]
[SourceTitle "BritBase"]
[Source "John Saunders"]
[SourceDate "2025.02.10"]
[SourceVersion "1"]
[SourceVersionDate "2025.02.10"]
[SourceQuality "1"]

1. d4 Nf6 2. c4 g6 3. Nc3 d5 4. Bg5 Ne4 5. h4 Nxc3 6. bxc3 h6 7. Bf4 Bg7 8. Nf3 c5 9. e3 Nc6 10. Bd3 Bg4 11. O-O O-O 12. Bg3 cxd4 13. exd4 e5 14. dxe5 Nxe5 15. Be2 Nxc4 16. Qc2 Qa5 17. Nd4 Bxe2 18. Nxe2 Rac8 19. Bf4 Rfe8 20. Rac1 Rc6 21. a4 Nb6 22. Qd2 Qxa4 23. Ra1 Qc4 24. Nd4 Qxc3 25. Nxc6 Qxd2 26. Bxd2 Bxa1 27. Rxa1 bxc6 28. Rxa7 h5 29. Bc3 c5 30. Ra6 Nc4 31. Rc6 d4 32. Bxd4 cxd4 33. Rxc4 Re1+ 34. Kh2 Rd1 35. Kg3 f5 36. Kf3 Rd2 37. Rc7 Kf8 38. Rd7 Ke8 39. Rg7 d3 40. Ke3 Rd1 41. Rxg6 Ke7 42. Ra6 f4+ 43. Kxf4 Re1 44. Ra7+ Kd6 45. Ra3 Rd1 46. Ke3 Ke6 47. Rxd3 Rh1 48. g3 Re1+ 49. Kf4 Rb1 50. Re3+ Kf6 51. Re5 Rb4+ 52. Re4 Rb5 53. Ra4 Rf5+ 54. Ke3 Re5+ 55. Kd4 Re2 56. Ra5 Kg6 57. Rg5+ Kh6 58. f4 Re1 59. f5 Rd1+ 60. Ke5 Re1+ 61. Kd6 Rf1 62. Ke7 Re1+ 63. Kf8 Rf1 64. Kg8 1-0

[Event "Hampshire Open"]
[Site "Fareham"]
[Date "2024.11.02"]
[Round "2.11"]
[White "Spirling, Florence"]
[Black "Watarkar, Yash"]
[Result "0-1"]
[WhiteElo "1708"]
[BlackElo "1972"]
[PlyCount "76"]
[EventDate "2024.11.01"]
[EventType "swiss"]
[EventRounds "5"]
[EventCountry "ENG"]
[SourceTitle "BritBase"]
[Source "John Saunders"]
[SourceDate "2025.02.10"]
[SourceVersion "1"]
[SourceVersionDate "2025.02.10"]
[SourceQuality "1"]

1. e4 c6 2. d4 d5 3. e5 Bf5 4. Nf3 e6 5. Be2 a6 6. O-O Ne7 7. Re1 c5 8. c4 Nbc6 9. Bf4 cxd4 10. Nxd4 Nxd4 11. Qxd4 Nc6 12. Qd1 Bb4 13. Nd2 O-O 14. a3 Bc5 15. Nb3 Ba7 16. cxd5 exd5 17. Bd3 Bg6 18. Bg3 Re8 19. Kh1 Rc8 20. Bxg6 hxg6 21. Qd3 Bb8 22. f4 g5 23. Nd4 gxf4 24. Nxc6 Rxc6 25. Bxf4 Rce6 26. Qb3 Bxe5 27. Bxe5 Rxe5 28. Rxe5 Rxe5 29. Qxb7 d4 30. Rf1 Re7 31. Qxa6 d3 32. Qa4 d2 33. Qd1 Qd3 34. Rg1 Re2 35. b4 Qe3 36. Qc2 Re1 37. Qc8+ Kh7 38. Qf5+ Kh6 0-1

[Event "Hampshire Open"]
[Site "Fareham"]
[Date "2024.11.02"]
[Round "2.12"]
[White "Waters, Andrew"]
[Black "Piecha, Lukasz Marek"]
[Result "0-1"]
[WhiteElo "1872"]
[BlackElo "1798"]
[PlyCount "76"]
[EventDate "2024.11.01"]
[EventType "swiss"]
[EventRounds "5"]
[EventCountry "ENG"]
[SourceTitle "BritBase"]
[Source "John Saunders"]
[SourceDate "2025.02.10"]
[SourceVersion "1"]
[SourceVersionDate "2025.02.10"]
[SourceQuality "1"]

1. e4 e5 2. Nf3 Nc6 3. c3 d5 4. Qa4 Qd6 5. exd5 Qxd5 6. Bc4 Qe4+ 7. Kd1 Qg4 8. Rg1 Bd7 9. h3 Qf5 10. Qc2 e4 11. Re1 Nf6 12. d3 O-O-O 13. dxe4 Qc5 14. Bd3 Be6 15. Be3 Qa5 16. Nd4 Qh5+ 17. f3 Ne5 18. b4 Nxd3 19. Qxd3 c5 20. bxc5 Bxc5 21. Nd2 Rhe8 22. Kc2 Nd7 23. f4 Bb6 24. Nxe6 Rxe6 25. Nc4 Bc7 26. Qd5 Qg6 27. Rad1 Qxg2+ 28. Kb3 Qxe4 29. Qg5 Rg6 30. Qb5 a6 31. Qb4 Qc6 32. f5 Rg2 33. Nd6+ Kb8 34. Nxf7 Rc8 35. a4 Ba5 36. Qf4+ Ka8 37. c4 Nc5+ 38. Bxc5 Qxc5 0-1

[Event "Hampshire Open"]
[Site "Fareham"]
[Date "2024.11.02"]
[Round "2.13"]
[White "Hordnes, Niclas"]
[Black "Goodlad, Daniel"]
[Result "1/2-1/2"]
[WhiteElo "1859"]
[BlackElo "1789"]
[PlyCount "79"]
[EventDate "2024.11.01"]
[EventType "swiss"]
[EventRounds "5"]
[EventCountry "ENG"]
[SourceTitle "BritBase"]
[Source "John Saunders"]
[SourceDate "2025.02.10"]
[SourceVersion "1"]
[SourceVersionDate "2025.02.10"]
[SourceQuality "1"]

1. e4 e5 2. Nc3 Nf6 3. f4 d5 4. fxe5 Nxe4 5. d3 Nxc3 6. bxc3 d4 7. Nf3 dxc3 8. d4 Bg4 9. Be3 Ba3 10. Bc4 O-O 11. O-O Nc6 12. Qd3 Bh5 13. Qxc3 Bb4 14. Qb3 Bxf3 15. Rxf3 Nxd4 16. Qxb4 Nxf3+ 17. gxf3 b6 18. Bd3 Qd5 19. Qh4 g6 20. Qg3 Rae8 21. f4 c5 22. Rf1 c4 23. Be2 f6 24. f5 Qxe5 25. Qxe5 Rxe5 {(=)} 26. Bxc4+ Kg7 27. Bc1 Rd8 28. fxg6 hxg6 29. Bb2 Rf5 30. Rxf5 gxf5 31. Bd3 Kg6 32. Kf2 Kg5 33. h4+ Kg6 34. Kg3 Rh8 35. Bd4 Rd8 36. Bf2 Rd5 37. a4 Re5 38. Kf4 Rd5 39. Kg3 Re5 40. Kf4 1/2-1/2

[Event "Hampshire Open"]
[Site "Fareham"]
[Date "2024.11.02"]
[Round "2.14"]
[White "Tarrent-Edwards, Philip"]
[Black "Hordnes, Niclas"]
[Result "1/2-1/2"]
[WhiteElo "1746"]
[BlackElo "1859"]
[PlyCount "80"]
[EventDate "2024.11.01"]
[EventType "swiss"]
[EventRounds "5"]
[EventCountry "ENG"]
[SourceTitle "BritBase"]
[Source "John Saunders"]
[SourceDate "2025.02.10"]
[SourceVersion "1"]
[SourceVersionDate "2025.02.10"]
[SourceQuality "1"]

1. e4 c5 2. Nf3 e6 3. d4 cxd4 4. Nxd4 Nc6 5. Nc3 Qc7 6. a3 a6 7. Be3 Nf6 8. Qf3 Be7 9. Bd3 Ne5 10. Qe2 O-O 11. h3 b5 12. f4 Nxd3+ 13. cxd3 Bb7 14. Rc1 Qd8 15. O-O Rc8 16. Rf3 h5 17. Rf2 h4 18. g4 g6 19. Rg2 Kg7 20. g5 Nh5 21. Qg4 d5 22. e5 Ng3 23. Qxh4 Nf5 24. Nxf5+ exf5 25. Qh6+ Kg8 26. Bd4 Bc5 27. Bxc5 Rxc5 28. d4 Rc4 29. Rd1 Qb6 30. Rgd2 Rfc8 31. h4 a5 32. h5 b4 33. Na4 Qe6 34. Nc5 R8xc5 35. dxc5 Rxf4 36. hxg6 Qxg6 37. Rh2 Rg4+ 38. Rg2 Re4 39. Rh2 Rg4+ 40. Rg2 Re4 1/2-1/2

[Event "Hampshire Open"]
[Site "Fareham"]
[Date "2024.11.02"]
[Round "2.14"]
[White "Moore, John"]
[Black "Kirk, Matthew"]
[Result "1-0"]
[WhiteElo "1605"]
[BlackElo "1837"]
[PlyCount "71"]
[EventDate "2024.11.01"]
[EventType "swiss"]
[EventRounds "5"]
[EventCountry "ENG"]
[SourceTitle "BritBase"]
[Source "John Saunders"]
[SourceDate "2025.02.10"]
[SourceVersion "1"]
[SourceVersionDate "2025.02.10"]
[SourceQuality "1"]

1. e4 c6 2. d4 d5 3. exd5 cxd5 4. c4 Nf6 5. Nc3 e6 6. Nf3 Bb4 7. Bd2 O-O 8. Bd3 Nc6 9. c5 b6 10. a3 Bxc3 11. Bxc3 bxc5 12. dxc5 Qe7 13. b4 e5 14. Bb5 e4 15. Nd4 Ne5 16. O-O a6 17. Nc6 Nxc6 18. Bxc6 Bb7 19. Bxb7 Qxb7 20. Bxf6 gxf6 21. Qg4+ Kh8 22. Qf5 Qc6 23. Rfd1 Rad8 24. Rd4 Qe6 25. Qxe6 fxe6 26. Rad1 f5 27. h3 Rd7 28. a4 Rb8 29. Kf1 Rbd8 30. b5 e5 31. c6 exd4 32. cxd7 d3 33. bxa6 Rxd7 34. Rb1 Rc7 35. Rb8+ Kg7 36. Rb7 1-0

[Event "Hampshire Open"]
[Site "Fareham"]
[Date "2024.11.02"]
[Round "2.15"]
[White "Clancy, Martin J"]
[Black "Menseitov, Alikhan"]
[Result "1-0"]
[WhiteElo "1844"]
[BlackElo "1712"]
[PlyCount "59"]
[EventDate "2024.11.01"]
[EventType "swiss"]
[EventRounds "5"]
[EventCountry "ENG"]
[SourceTitle "BritBase"]
[Source "John Saunders"]
[SourceDate "2025.02.10"]
[SourceVersion "1"]
[SourceVersionDate "2025.02.10"]
[SourceQuality "1"]

1. e4 c6 2. d4 d5 3. e5 c5 4. c3 Nc6 5. Nf3 cxd4 6. cxd4 Bg4 7. Be2 e6 8. O-O Bxf3 9. Bxf3 Nge7 10. Na3 Nf5 11. Nc2 Qb6 12. Be3 Be7 13. Bg4 Nxe3 14. fxe3 O-O 15. b3 Rac8 16. Kh1 Rc7 17. Rc1 Qa5 18. Ne1 Bg5 19. Rf3 Qxa2 20. Nd3 Qa5 21. b4 Qb6 22. Rc5 Rfc8 23. h4 Be7 24. Rxf7 Bxc5 25. bxc5 Qb5 26. Rxc7 Rxc7 27. Bxe6+ Kh8 28. Qf3 h6 29. Qf8+ Kh7 30. Bg8+ 1-0

[Event "Hampshire Open"]
[Site "Fareham"]
[Date "2024.11.02"]
[Round "3.1"]
[White "Merriman, John"]
[Black "Cave, Iwan"]
[Result "1-0"]
[WhiteElo "2325"]
[BlackElo "2241"]
[PlyCount "85"]
[EventDate "2024.11.01"]
[EventType "swiss"]
[EventRounds "5"]
[EventCountry "ENG"]
[SourceTitle "BritBase"]
[Source "John Saunders"]
[SourceDate "2025.02.10"]
[SourceVersion "1"]
[SourceVersionDate "2025.02.10"]
[SourceQuality "1"]

1. d4 Nf6 2. c4 e6 3. Nc3 Bb4 4. e3 O-O 5. Bd3 d5 6. Nf3 dxc4 7. Bxc4 c5 8. a3 Bxc3+ 9. bxc3 Qc7 10. Ba2 Nc6 11. O-O Rd8 12. Bb2 b5 13. Qe2 c4 14. Bb1 e5 15. a4 Rb8 16. h3 exd4 17. cxd4 Re8 18. Rd1 Nb4 19. axb5 Rxb5 20. Rc1 Be6 21. Ne5 Rc8 22. e4 Qb7 23. Bc3 Re8 24. Nxc4 Bxc4 25. Qxc4 Rc8 26. Qe2 h6 27. Qd2 a5 28. d5 Rbc5 29. Bb2 Qe7 30. Rxc5 Rxc5 31. f3 Rb5 32. Bd4 Nd7 33. Qc3 f6 34. Qc4 Rb8 35. Rxa5 Qd6 36. Rb5 Rxb5 37. Qxb5 Ne5 38. f4 Nd7 39. e5 fxe5 40. fxe5 Qc7 41. Qxb4 Qc1+ 42. Kf2 Qf4+ 43. Ke2 1-0

[Event "Hampshire Open"]
[Site "Fareham"]
[Date "2024.11.02"]
[Round "3.2"]
[White "Watarkar, Yash"]
[Black "Dasgupta, Avyukt"]
[Result "0-1"]
[WhiteElo "1972"]
[BlackElo "2191"]
[PlyCount "102"]
[EventDate "2024.11.01"]
[EventType "swiss"]
[EventRounds "5"]
[EventCountry "ENG"]
[SourceTitle "BritBase"]
[Source "John Saunders"]
[SourceDate "2025.02.10"]
[SourceVersion "1"]
[SourceVersionDate "2025.02.10"]
[SourceQuality "1"]

1. c4 c6 2. Nf3 d5 3. e3 Nf6 4. Qc2 Bg4 5. Ne5 e6 6. Nxg4 Nxg4 7. h3 Nf6 8. Nc3 Nbd7 9. d4 Bd6 10. Bd3 Qe7 11. O-O O-O 12. e4 dxe4 13. Nxe4 Nxe4 14. Bxe4 f5 15. Bd3 Qf6 16. c5 Bc7 17. Bc4 Rfe8 18. Qb3 b5 19. cxb6 Bxb6 20. Re1 Nf8 21. Bf4 Bxd4 22. Rad1 Kh8 23. Rxd4 Qxd4 24. Be5 Qb6 25. Qg3 Ng6 26. Bc3 Qb8 27. Qd3 Qd8 28. Qe3 e5 29. Bf7 Qd7 30. Bxg6 hxg6 31. Bxe5 Kg8 32. f4 Rad8 33. Qf3 Qd5 34. Qg3 Kf7 35. a3 Re6 36. Qf2 Rd7 37. h4 Qd2 38. Re2 Qd1+ 39. Kh2 Re8 40. Re1 Qb3 41. Bc3 Rxe1 42. Qxe1 Qe6 43. Qf2 Qe4 44. Be5 Qd5 45. Qe3 Kg8 46. Qg3 Kh7 47. Qc3 Qe4 48. Qg3 Qe2 49. Bc3 Rd1 50. Qg5 Qf1 51. Qe7 Qg1+ 0-1

[Event "Hampshire Open"]
[Site "Fareham"]
[Date "2024.11.02"]
[Round "3.3"]
[White "Patel, Zain"]
[Black "Wicken, Jack"]
[Result "0-1"]
[WhiteElo "2194"]
[BlackElo "1878"]
[PlyCount "120"]
[EventDate "2024.11.01"]
[EventType "swiss"]
[EventRounds "5"]
[EventCountry "ENG"]
[SourceTitle "BritBase"]
[Source "John Saunders"]
[SourceDate "2025.02.10"]
[SourceVersion "1"]
[SourceVersionDate "2025.02.10"]
[SourceQuality "1"]

1. d4 f5 2. e4 fxe4 3. Nc3 Nf6 4. Bg5 g6 5. Bxf6 exf6 6. Nxe4 d5 7. Ng3 Bb4+ 8. c3 Qe7+ 9. Be2 Bd6 10. Qc2 Bg4 11. O-O-O Bxe2 12. N1xe2 Nd7 13. Qb3 Nb6 14. Kb1 O-O-O 15. Rhe1 Qd7 16. Qc2 Rhe8 17. Nc1 Re7 18. Rxe7 Qxe7 19. Nd3 Re8 20. b3 c6 21. c4 Bc7 22. c5 Nd7 23. f4 Qf7 24. Rd2 h5 25. Re2 h4 26. Nf1 Re4 27. Rxe4 dxe4 28. Nf2 f5 29. Nh3 Qe7 30. Ne3 Nf6 31. Qc4 Nd5 32. Qc1 Nxf4 33. Nxf5 gxf5 34. Nxf4 e3 35. Ne2 Bxh2 36. Qc4 Qe4+ 37. Kc1 Qd5 38. Qxd5 cxd5 39. Nc3 f4 40. Kd1 h3 41. gxh3 f3 42. Ke1 Bg3+ 43. Kf1 Kd7 44. b4 a6 45. a4 Bh4 46. b5 axb5 47. axb5 Bg3 48. Ne2 fxe2+ 49. Kxe2 Bf4 50. h4 Ke6 51. Kf3 Kf5 52. c6 bxc6 53. bxc6 Bc7 54. Kxe3 Kg4 55. Kd3 Kxh4 56. Kc3 Kg4 57. Kb4 Bd6+ 58. Kb5 Kf4 59. c7 Bxc7 60. Kc6 Ke4 0-1

[Event "Hampshire Open"]
[Site "Fareham"]
[Date "2024.11.02"]
[Round "3.4"]
[White "Mokhber Garcia, Sebastian"]
[Black "Merriman, James"]
[Result "1/2-1/2"]
[WhiteElo "1724"]
[BlackElo "2173"]
[PlyCount "104"]
[EventDate "2024.11.01"]
[EventType "swiss"]
[EventRounds "5"]
[EventCountry "ENG"]
[SourceTitle "BritBase"]
[Source "John Saunders"]
[SourceDate "2025.02.10"]
[SourceVersion "1"]
[SourceVersionDate "2025.02.10"]
[SourceQuality "1"]

1. e4 e6 2. d4 d5 3. exd5 exd5 4. Nf3 Bd6 5. Bd3 Ne7 6. O-O Bg4 7. Re1 Nbc6 8. c3 Qd7 9. b4 a6 10. a4 O-O 11. Bg5 f6 12. Bh4 Nf5 13. Bg3 Nxg3 14. hxg3 Rfe8 15. Nbd2 Rxe1+ 16. Qxe1 Ne7 17. a5 Re8 18. Qf1 Bf5 19. Re1 c6 20. Re3 Bg6 21. Bxg6 Nxg6 22. Qe2 Kf7 23. Rxe8 Qxe8 24. Qxe8+ Kxe8 25. Kf1 Kd7 26. Ke2 Ke6 27. Ne1 Nf8 28. Nd3 h5 29. Nb3 Nd7 30. Nd2 g5 31. Nf3 Kf5 32. Nd2 Nf8 33. Nb3 Ne6 34. Kf3 Kg6 35. Nb2 f5 36. Nd3 g4+ 37. Ke3 f4+ 38. gxf4 h4 39. Nd2 h3 40. gxh3 gxh3 41. Nf1 Kf5 42. Ng3+ Kg4 43. Ne5+ Bxe5 44. fxe5 h2 45. Nh1 Kh3 46. f4 Kg2 47. f5 Ng5 48. e6 Kxh1 49. Kf2 Ne4+ 50. Kf1 Ng3+ 51. Kf2 Nxf5 52. Kf1 Ng3+ 1/2-1/2

[Event "Hampshire Open"]
[Site "Fareham"]
[Date "2024.11.02"]
[Round "3.5"]
[White "Marusenko, Petr"]
[Black "Marsh, Roger DW"]
[Result "1-0"]
[WhiteElo "2111"]
[BlackElo "1920"]
[PlyCount "77"]
[EventDate "2024.11.01"]
[EventType "swiss"]
[EventRounds "5"]
[EventCountry "ENG"]
[SourceTitle "BritBase"]
[Source "John Saunders"]
[SourceDate "2025.02.10"]
[SourceVersion "1"]
[SourceVersionDate "2025.02.10"]
[SourceQuality "1"]

1. d4 g6 2. c4 Bg7 3. Nc3 d6 4. g3 Nd7 5. Nf3 h6 6. Bg2 e5 7. O-O Ngf6 8. e4 O-O 9. h3 Re8 10. Be3 exd4 11. Nxd4 Nc5 12. Qc2 a5 13. Rad1 Bd7 14. Rfe1 a4 15. b4 axb3 16. axb3 Qc8 17. Kh2 Ne6 18. Ndb5 Bc6 19. f4 b6 20. Nd5 Qb7 21. f5 Bxb5 22. Nxf6+ Bxf6 23. cxb5 Ng5 24. fxg6 Be5 25. gxf7+ Kxf7 26. Qe2 Rg8 27. Rf1+ Ke7 28. Bf4 Nf7 29. Qh5 Ra2 30. Rd5 Qc8 31. Bxe5 Nxe5 32. Rf5 Rf8 33. Qh4+ Ke8 34. Rdxe5+ dxe5 35. Rxe5+ Kf7 36. Qe7+ Kg8 37. Re6 Rff2 38. Rg6+ Kh8 39. Qg7# 1-0

[Event "Hampshire Open"]
[Site "Fareham"]
[Date "2024.11.02"]
[Round "3.6"]
[White "Anderson, Thomas R"]
[Black "Clancy, Martin J"]
[Result "1/2-1/2"]
[WhiteElo "1868"]
[BlackElo "1828"]
[PlyCount "42"]
[EventDate "2024.11.01"]
[EventType "swiss"]
[EventRounds "5"]
[EventCountry "ENG"]
[SourceTitle "BritBase"]
[Source "John Saunders"]
[SourceDate "2025.02.10"]
[SourceVersion "1"]
[SourceVersionDate "2025.02.10"]
[SourceQuality "1"]

1. Nf3 Nf6 2. c4 g6 3. g3 Bg7 4. Bg2 d6 5. d4 O-O 6. O-O Nbd7 7. Qc2 c6 8. Rd1 Qc7 9. b3 Rd8 10. Bb2 b6 11. Nc3 Bb7 12. Rac1 Rac8 13. Qb1 Qb8 14. h3 d5 15. Re1 Nf8 16. cxd5 cxd5 17. Ne5 Ne6 18. e3 Ng5 19. Nd3 Nge4 20. Nxe4 Nxe4 21. Ne5 h5 1/2-1/2

[Event "Hampshire Open"]
[Site "Fareham"]
[Date "2024.11.02"]
[Round "3.7"]
[White "Collyer, David"]
[Black "Pentakota, Rajasekhar"]
[Result "1/2-1/2"]
[WhiteElo "1904"]
[BlackElo "1989"]
[PlyCount "88"]
[EventDate "2024.11.01"]
[EventType "swiss"]
[EventRounds "5"]
[EventCountry "ENG"]
[SourceTitle "BritBase"]
[Source "John Saunders"]
[SourceDate "2025.02.10"]
[SourceVersion "1"]
[SourceVersionDate "2025.02.10"]
[SourceQuality "1"]

1. e4 e5 2. Nf3 Nc6 3. Bc4 Nf6 4. d3 Be7 5. O-O O-O 6. c3 d6 7. a4 Be6 8. Bxe6 fxe6 9. Re1 h6 10. h3 Kh8 11. d4 exd4 12. cxd4 e5 13. d5 Nb8 14. Nc3 c5 15. Nh4 Kh7 16. Qd3 g6 17. g3 Nh5 18. Ng2 a6 19. g4 Ng7 20. f4 Nd7 21. f5 Bg5 22. fxg6+ Kxg6 23. Bxg5 Qxg5 24. Rf1 Rxf1+ 25. Rxf1 Rf8 26. Rxf8 Nxf8 27. Qe3 h5 28. Qf3 Nh7 29. Kh2 Nf6 30. Ne3 hxg4 31. hxg4 Qf4+ 32. Qxf4 exf4 33. Nf5 Nxg4+ 34. Kh3 Nf2+ 35. Kg2 Nxe4 36. Nh4+ Kh5 37. Nxe4 Kxh4 38. Nxd6 b6 39. Nf7 Kg4 40. d6 Kf5 41. d7 Ne6 42. Kf3 Nd4+ 43. Kf2 Nc6 44. Kf3 Nd4+ 1/2-1/2

[Event "Hampshire Open"]
[Site "Fareham"]
[Date "2024.11.02"]
[Round "3.8"]
[White "Cordner, David A"]
[Black "Cuthbert, Larissa"]
[Result "1-0"]
[WhiteElo "1970"]
[BlackElo "1632"]
[PlyCount "89"]
[EventDate "2024.11.01"]
[EventType "swiss"]
[EventRounds "5"]
[EventCountry "ENG"]
[SourceTitle "BritBase"]
[Source "John Saunders"]
[SourceDate "2025.02.10"]
[SourceVersion "1"]
[SourceVersionDate "2025.02.10"]
[SourceQuality "1"]

1. d4 Nf6 2. Bg5 d5 3. Nf3 c5 4. c3 Bf5 5. e3 Nc6 6. Bxf6 exf6 7. Nbd2 Bd6 8. Be2 cxd4 9. Nxd4 Nxd4 10. exd4 Qc7 11. Bb5+ Bd7 12. Qe2+ Be7 13. O-O Bc6 14. Rfe1 a6 15. Bxc6+ bxc6 16. Nb3 Ra7 17. Nc5 a5 18. Rad1 O-O 19. Nd3 Bd6 20. h3 Qd8 21. Qg4 Qc8 22. Qxc8 Rxc8 23. Re2 Raa8 24. Kf1 Re8 25. Rde1 Kf8 26. Rxe8+ Rxe8 27. Rxe8+ Kxe8 28. Ke2 Ke7 29. b4 a4 30. a3 f5 31. Nb2 Kd7 32. Nxa4 Kc7 33. Kd3 h5 34. c4 g5 35. f3 Bf4 36. cxd5 cxd5 37. Nc3 Kd6 38. Ne2 Bh2 39. a4 Kc6 40. Nc3 Bd6 41. b5+ Kb6 42. Nxd5+ Ka5 43. Ne3 f4 44. Nc4+ Kxa4 45. Nxd6 1-0

[Event "Hampshire Open"]
[Site "Fareham"]
[Date "2024.11.02"]
[Round "3.9"]
[White "Piecha, Lukasz Marek"]
[Black "Bharat Kumar, Balahari"]
[Result "1/2-1/2"]
[WhiteElo "1798"]
[BlackElo "2159"]
[PlyCount "106"]
[EventDate "2024.11.01"]
[EventType "swiss"]
[EventRounds "5"]
[EventCountry "ENG"]
[SourceTitle "BritBase"]
[Source "John Saunders"]
[SourceDate "2025.02.10"]
[SourceVersion "1"]
[SourceVersionDate "2025.02.10"]
[SourceQuality "1"]

1. e4 g6 2. d4 Bg7 3. Nf3 d6 4. Nc3 a6 5. Be2 b5 6. O-O Bb7 7. a3 Nd7 8. Be3 Ngf6 9. e5 Nd5 10. e6 fxe6 11. Ng5 Nf8 12. Bg4 Nxc3 13. bxc3 Bd5 14. Bf3 Qd7 15. a4 c6 16. axb5 cxb5 17. Re1 h6 18. Ne4 Nh7 19. Bf4 O-O 20. Bg3 g5 21. h4 Qc6 22. hxg5 hxg5 23. Qd3 a5 24. Nd2 Bxf3 25. Nxf3 Qd5 26. Kh2 Rf6 27. Nd2 Rff8 28. Rh1 Nf6 29. Kg1 Rfc8 30. Nf3 Qf5 31. Qe3 Nd5 32. Qxg5 Qxg5 33. Nxg5 Rxc3 34. Nxe6 Rxc2 35. Rh5 Nc3 36. Rg5 Kf7 37. Nxg7 Ne4 38. Rg4 Nf6 39. Rg5 Ne4 40. Rxb5 Kxg7 41. Raxa5 Rxa5 42. Rxa5 Nxg3 43. Rg5+ Kf6 44. Rxg3 Rd2 45. Rg4 Kf5 46. f3 Ra2 47. Re4 e6 48. g4+ Kf6 49. g5+ Kxg5 50. Rxe6 Kf4 51. Rxd6 Kxf3 52. Rf6+ Ke4 53. Rd6 Rd2 1/2-1/2

[Event "Hampshire Open"]
[Site "Fareham"]
[Date "2024.11.02"]
[Round "3.10"]
[White "Warner, Nicholas"]
[Black "Thurlow, Kevin J"]
[Result "0-1"]
[WhiteElo "1615"]
[BlackElo "2023"]
[PlyCount "98"]
[EventDate "2024.11.01"]
[EventType "swiss"]
[EventRounds "5"]
[EventCountry "ENG"]
[SourceTitle "BritBase"]
[Source "John Saunders"]
[SourceDate "2025.02.10"]
[SourceVersion "1"]
[SourceVersionDate "2025.02.10"]
[SourceQuality "1"]

1. f4 Nf6 2. Nf3 d6 3. e3 g6 4. Nc3 Bg7 5. Be2 O-O 6. O-O Nbd7 7. d3 c6 8. Qe1 Qc7 9. h3 b5 10. a3 Bb7 11. g4 Nb6 12. e4 Nfd7 13. Qg3 a6 14. Be3 c5 15. f5 Ne5 16. Qh4 d5 17. Bh6 f6 18. Bxg7 Kxg7 19. g5 Nxf3+ 20. Rxf3 fxg5 21. Qxg5 Rf6 22. Qg3 Qxg3+ 23. Rxg3 b4 24. Nxd5 Nxd5 25. exd5 Rxf5 26. axb4 cxb4 27. Bf3 Bxd5 28. Bxd5 Rxd5 29. Re3 Ra7 30. c4 Rg5+ 31. Kf2 a5 32. b3 e5 33. Rg3 Rf5+ 34. Rf3 Kf6 35. Ke3 Ke6 36. Ke4 Rxf3 37. Kxf3 Kf5 38. Ke3 g5 39. Rf1+ Ke6 40. Ra1 h6 41. Ke4 Kd6 42. Ra2 a4 43. bxa4 Kc5 44. Rb2 Rxa4 45. Kxe5 Ra3 46. Ke4 b3 47. Ke5 Kb4 48. Kd4 Ra2 49. Rb1 Rh2 0-1

[Event "Hampshire Open"]
[Site "Fareham"]
[Date "2024.11.02"]
[Round "3.11"]
[White "Bird, Tom"]
[Black "Moore, John"]
[Result "1-0"]
[WhiteElo "2077"]
[BlackElo "1605"]
[PlyCount "41"]
[EventDate "2024.11.01"]
[EventType "swiss"]
[EventRounds "5"]
[EventCountry "ENG"]
[SourceTitle "BritBase"]
[Source "John Saunders"]
[SourceDate "2025.02.10"]
[SourceVersion "1"]
[SourceVersionDate "2025.02.10"]
[SourceQuality "1"]

1. Nf3 d5 2. e3 Nf6 3. b3 Bf5 4. Bb2 e6 5. Nh4 Bg4 6. Be2 Bxe2 7. Qxe2 c6 8. f4 Nbd7 9. O-O Qc7 10. c4 O-O-O 11. Nc3 Bd6 12. cxd5 exd5 13. Rfc1 a6 14. Nf5 Rhg8 15. Na4 Rde8 16. Nd4 g5 17. Nxc6 Nc5 18. Nxc5 Bxc5 19. Rxc5 bxc6 20. Qxa6+ Kd7 21. Be5 1-0

[Event "Hampshire Open"]
[Site "Fareham"]
[Date "2024.11.02"]
[Round "3.12"]
[White "Goodlad, Daniel"]
[Black "De Coverly, Roger D"]
[Result "1-0"]
[WhiteElo "1789"]
[BlackElo "1972"]
[PlyCount "63"]
[EventDate "2024.11.01"]
[EventType "swiss"]
[EventRounds "5"]
[EventCountry "ENG"]
[SourceTitle "BritBase"]
[Source "John Saunders"]
[SourceDate "2025.02.10"]
[SourceVersion "1"]
[SourceVersionDate "2025.02.10"]
[SourceQuality "1"]

1. e4 e5 2. Bc4 Nf6 3. d3 Nc6 4. Nc3 Bc5 5. f4 d6 6. f5 h6 7. Nf3 Nd4 8. Nxd4 exd4 9. Na4 Bb4+ 10. c3 dxc3 11. bxc3 Ba5 12. O-O O-O 13. Qf3 Bd7 14. Bb3 b5 15. Nb2 Bxc3 16. Rb1 Qe7 17. Nd1 Bd4+ 18. Kh1 c5 19. Ne3 Bc6 20. Ng4 c4 21. Bc2 Rfe8 22. Nxf6+ Qxf6 23. Qg4 a6 24. Rf3 Kh7 25. Rh3 d5 26. Bg5 Qd6 27. Rf1 Bf6 28. Bxh6 gxh6 29. Rxh6+ Kxh6 30. Rf3 Bg5 31. Rh3+ Kg7 32. Qxg5+ 1-0